Learning Resource and Development

Management skills of student leaders in Camarines Sur Polytechnic Colleges Buhi Campus / (Record no. 28713)

MARC details
000 -LEADER
fixed length control field 01057nam a22002657a 4500
003 - CONTROL NUMBER IDENTIFIER
control field CSPC
005 - DATE AND TIME OF LATEST TRANSACTION
control field 20250206101401.0
007 - PHYSICAL DESCRIPTION FIXED FIELD--GENERAL INFORMATION
fixed length control field ta
008 - FIXED-LENGTH DATA ELEMENTS--GENERAL INFORMATION
fixed length control field 250205s2021 ph a mabs 000 0 eng
040 ## - CATALOGING SOURCE
Transcribing agency CSPC
090 ## - LOCALLY ASSIGNED LC-TYPE CALL NUMBER (OCLC); LOCAL CALL NUMBER (RLIN)
Classification number (OCLC) (R) ; Classification number, CALL (RLIN) (NR) UTH BSOA C292m
100 ## - MAIN ENTRY--PERSONAL NAME
Personal name Catorce, Maria Jonabelle DL.
Relator term author.
245 ## - TITLE STATEMENT
Title Management skills of student leaders in Camarines Sur Polytechnic Colleges Buhi Campus /
Statement of responsibility, etc. Maria Jonabelle DL. Catorce
264 ## - PRODUCTION, PUBLICATION, DISTRIBUTION, MANUFACTURE, AND COPYRIGHT NOTICE
Place of production, publication, distribution, manufacture Buhi, Camarines Sur:
Name of producer, publisher, distributor, manufacturer Camarines Sur Polytechnic Colleges,
Date of production, publication, distribution, manufacture, or copyright notice 2021
300 ## - PHYSICAL DESCRIPTION
Extent ix, 68 leaves :
Other physical details illustrations ;
Dimensions 28 cm.
502 ## - DISSERTATION NOTE
Dissertation note Undergraduate Theses (BSOA) Office Administration
Name of granting institution Camarines Sur Polytechnic Colleges
700 ## - ADDED ENTRY--PERSONAL NAME
Personal name Salamanque, Jessa L.
Relator term author.
700 ## - ADDED ENTRY--PERSONAL NAME
Personal name Mendoza, Jeremy C.
Relator term author.
720 ## - ADDED ENTRY--UNCONTROLLED NAME
Name Villar, Mariber M. MAEd
Relator term adviser.
720 ## - ADDED ENTRY--UNCONTROLLED NAME
Name Oliveros, Josefin N. MBM
Relator term panelist chairman
720 ## - ADDED ENTRY--UNCONTROLLED NAME
Name Infante, Leonisa O. Ph.D
Relator term panelist member
720 ## - ADDED ENTRY--UNCONTROLLED NAME
Name Rosal, Jhomer I. MBM
Relator term panelist member
942 ## - ADDED ENTRY ELEMENTS (KOHA)
Source of classification or shelving scheme Dewey Decimal Classification
Suppress in OPAC No
Koha item type Unpublished Materials
Call number prefix UTH
Call number suffix 2021
Holdings
Withdrawn status Lost status Source of classification or shelving scheme Damaged status Not for loan Home library Current library Shelving location Date acquired Total Checkouts Full call number Barcode Date last seen Copy number Price effective from Koha item type
    Dewey Decimal Classification     Buhi Campus Buhi Campus Undergraduate Thesis Section 09/16/2024   UTH BSOA C292m 2021 00113UM-BUH 02/05/2025 1-1 09/16/2024 Unpublished Materials